Responses for Show #6008 - Wednesday, October 27, 2010

Contestants

[<< previous game]

Sarah Whitaker, a dean's assistant originally from Jackson, Michigan

Bert Rubini, a chemistry professor from St. Petersburg, Florida

Jesse Cuevas, a corporate lawyer originally from Leawood, Kansas (whose 1-day cash winnings total $24,000)

[next game >>]

Jeopardy! Round responses

STATES' SECOND-LARGEST CITIES
SITCOM MOMS
POLL-POURRI
THE NUMBER OF YEARS FROM...
SUV NAMES
ABBREVIATED JOBS & DEPTS.
    $200 7
Casper

Jesse
    $200 6
The Dick Van Dyke Show

Bert
    $200 8
cell phones

Jesse
    $200 22
8 years

Bert
    $200 1
Outback

Jesse
    $200 14
district attorney

Jesse
    $400 10
Miami

Bert
    $400 16
The Brady Bunch

Sarah
    $400 30
(Bert: Who is John F. Kennedy?)

(George) Gallup

JesseBert
    $400 27
(Sarah: What is 10?)
(Jesse: What is 11?)
...
(Alex: There is no year 0!)

9

JesseBertSarah
    $400 3
Expedition

Jesse
    $400 23
general practitioner

Jesse
    $600 11
(Jesse: What is Annapolis?)

Norfolk

Jesse
Triple Stumper
    $600 17
Patricia Heaton

Sarah
    $600 20
The Washington Post

Triple Stumper
    $600 24
(Alex: Good! 1927 to 1969.)

42

Jesse
    $600 2
a Sequoia

Jesse
    $600 28
human resources

Jesse
    $800 12
(Jesse: What is Sioux Falls?)

Rapid City

Jesse
Triple Stumper
    $800 18
One Day at a Time

Triple Stumper
    $800 9
a straw poll

Bert
    $800 25
(Alex: Yes, four score and seven years.)

87

Jesse
    $800 4
Equinox

Jesse
    $800 15
licensed massage therapist

Sarah
    $1000 13
Lexington

Bert
    $1000 19
Reba McEntire

Jesse
    $1000 21
a push poll

Triple Stumper
    $3,000 26
(Alex: [*] is right: 1918-1939.)

21

Jesse
    $1000 5
Pathfinder

Sarah
    $1000 29
chief financial officer

Bert

Scores at the first commercial break (after clue 16):

Jesse Bert Sarah
$1,200 $2,400 $2,200

Scores at the end of the Jeopardy! Round:

Jesse Bert Sarah
$7,600 $3,600 $2,400

Double Jeopardy! Round responses

AMERICAN HISTORY
FILMOGRAPHIES
KNIGHTS OF THE DICTIONARY?
(Alex: Each correct response will begin with a "sir" sound.)
MYTHICAL TOOLS & ACCESSORIES
ECO-FRIENDLY VAMPIRES
BET YOU DIDN'T SEE THAT ONE COMING
    $400 22
the Supreme Court

Jesse
    $400 12
Julia Roberts

Bert
    $400 1
sirloin

Bert
    $400 13
Poseidon

Sarah
    $400 14
coal

Jesse
    $400 19
Goodyear

Jesse
    $800 23
(Jesse: What is the Constitution?)

the Articles of Confederation

JesseBert
    $800 8
Leonardo DiCaprio

Jesse
    $800 2
circumference

Sarah
    $800 16
Thor

Bert
    $800 28
telecommuting

Jesse
    $800 26
Vonnegut

Bert
    $1200 6
the triangle trade

Jesse
    $1200 9
Susan Sarandon

Triple Stumper
    $1200 3
surgeon

Sarah
    $1200 15
(Jesse: What is a garter?)

a girdle

JesseBert
    $1200 29
[End-of-round signal sounds.]

plastic

Jesse
    $1200 27
MacArthur

Jesse
    $4,000 7
the Alamo

Jesse
    $1600 10
Benicio del Toro

Jesse
    $1600 4
cirrhosis

Bert
    $1600 17
Bacchus (or Dionysus)

Sarah
    $1600 24
(Alex: Less than a minute now.)

wind

Bert
    $2,800 20
(Francisco) Pizarro

Jesse
    $2000 18
(Jesse: What is the Missouri?)

the North Platte River

Jesse
Triple Stumper
    $2000 11
Kristen Stewart

Sarah
    $2000 5
survivalist

Jesse
    $2000 21
Perseus

Bert
    $2000 25
locavores

Jesse

Scores at the end of the Double Jeopardy! Round:

Jesse Bert Sarah
$22,400 $13,200 $8,400

[wagering suggestions for these scores]

Final Jeopardy! Round responses

FICTIONAL CHARACTERS
SarahWho is Pippi Longstocking?
$601
BertWho is Pippi Longstocking?
$13,190
JesseWho is Pippi Longstocking
$5,200
Pippi Longstocking

Final scores:

Jesse Bert Sarah
$27,600 $26,390 $9,001
2-day champion: $51,600 2nd place: $2,000 3rd place: $1,000

Game dynamics:

Coryat scores:

Jesse Bert Sarah
$16,800 $13,200 $8,400
27 R
(including 3 DDs),
6 W
16 R,
1 W
9 R,
1 W

Combined Coryat: $38,400

[game clues] [game scores] [suggest correction]

Game tape date: 2010-08-23
The J! Archive is created by fans, for fans. Scraping, republication, monetization, and malicious use prohibited; this site may use cookies and collect identifying information. See terms. The Jeopardy! game show and all elements thereof, including but not limited to copyright and trademark thereto, are the property of Jeopardy Productions, Inc. and are protected under law. This website is not affiliated with, sponsored by, or operated by Jeopardy Productions, Inc. Join the discussion at JBoard.tv.